Egyption exports & investment development program [
| Format: | Book |
|---|---|
| Published: |
[s.l]:
[Nile Guide International],
1998.
|
| Subjects: |
| LEADER | 00519cam a2200145 7i4500 | ||
|---|---|---|---|
| 001 | 0000008056 | ||
| 005 | 20000817090000.0 | ||
| 090 | 0 | 0 | |a CD-ROM 114 |b EGY |
| 245 | 0 | 0 | |a Egyption exports & investment development program [ |m electronic resource]. |
| 260 | 0 | 0 | |a [s.l]: |b [Nile Guide International], |c 1998. |
| 300 | # | # | |a Electronic computer optical disc (CD-ROM). |
| 650 | 0 | 0 | |a Exporters -- |x Directories -- |z Egypt |
| 650 | 0 | 0 | |a Egypt -- |x Investments |
| 651 | 0 | 0 | |a Egypt |
| 999 | |a 0000011423 |b CD-ROM |c AV Collection |e Business Information Centre | ||